UM Logo

Hybrid-modulation-based full-speed sensorless control for permanent magnet synchronous motors / (Record no. 19299)

MARC details
000 -LEADER
fixed length control field 00845nam a22002057a 4500
003 - CONTROL NUMBER IDENTIFIER
control field OSt
005 - DATE AND TIME OF LATEST TRANSACTION
control field 20250911165534.0
008 - FIXED-LENGTH DATA ELEMENTS--GENERAL INFORMATION
fixed length control field 240222b ||||| |||| 00| 0 eng d
040 ## - CATALOGING SOURCE
Transcribing agency 0
082 ## - DEWEY DECIMAL CLASSIFICATION NUMBER
Classification number DPer 621.317 Ie21 May 2022 v. 37 n. 5
100 ## - MAIN ENTRY--PERSONAL NAME
Personal name Wu, Chun.
Relator term author.
9 (RLIN) 53077
245 ## - TITLE STATEMENT
Title Hybrid-modulation-based full-speed sensorless control for permanent magnet synchronous motors /
Statement of responsibility, etc. Chun Wu, Zihao Chen, and Qiang Chen.
260 ## - PUBLICATION, DISTRIBUTION, ETC. (IMPRINT)
Place of publication, distribution, etc. New York ;
Name of publisher, distributor, etc. The Institute of Electrical and Electronics Engineers, Inc. ,
Date of publication, distribution, etc. May 2022.
300 ## - PHYSICAL DESCRIPTION
Extent Volume 37, pages 5908-5917 :
Other physical details illustration ;
Dimensions 28 cm.
500 ## - GENERAL NOTE
General note IEEE Transactions on Power Electronics, vol. 37, no. 5, pages 5908-5917, May 2022.
700 ## - ADDED ENTRY--PERSONAL NAME
Personal name Wu, Chun.
Relator term author.
9 (RLIN) 53077
700 ## - ADDED ENTRY--PERSONAL NAME
Personal name Chen, Zihao.
Relator term author.
9 (RLIN) 53078
700 ## - ADDED ENTRY--PERSONAL NAME
Personal name Chen, Qiang.
Relator term author.
9 (RLIN) 53079
942 ## - ADDED ENTRY ELEMENTS (KOHA)
Source of classification or shelving scheme Dewey Decimal Classification
Koha item type Periodicals
Holdings
Withdrawn status Lost status Source of classification or shelving scheme Damaged status Not for loan Collection code Home library Current library Date acquired Total Checkouts Full call number Date last seen Price effective from Koha item type Public note
    Dewey Decimal Classification     Periodicals UM Digos College - LIC UM Digos College - LIC 02/22/2024   DPer 621.317 Ie21 May 2022 v. 37 n. 5 02/22/2024 02/22/2024 Periodicals Periodical Article